00800nam a2200229 i 4500001000300000100002200003245013100025260003000156300002000186500003200206650005200238020001500290040000800305041000700313080002000320920001800340942000700358008004100365999001700406856009800423952004900521bg1 aGUTKOWSKI, Bogdan10aAktualne przepisy w ochronie środowiska :bsuplement 1/99 /c[Bogdan Gutkowski] ; Agencja Ochrony Środowiska w Koszalinie. aKoszalin :bAOŚ,c1999. a64 s. ;c30 cm. aVerso kart nie zadrukowane. 9aŚrodowisko człowiekaxochronaxprawozPolska a8390925033 cBPK0 apl a504:349.6](438) a83-909250-3-3 cKS s pl f |000 0 pol  c33932d33932 uhttp://koha.tu.koszalin.pl/cgi-bin/koha/opac-detail.pl?biblionumber=33932yKatalog online BPK 00104070aBPKbBPKcwo45739p01363593yKS